Click the Cartoon Silhouette Quiz Stats

 Plays Quiz Updated May 28, 2016

Challenge
Share
Tweet
Score 0/24 Timer 04:00
2 Plays Today
% Correct
Mickey
96.8%
SpongeBob
96.5%
Bart
96.5%
Scooby-Doo
96.3%
Daffy
96.2%
Pink Panther
95.9%
Casper
95.8%
Betty Boop
95.8%
Popeye
95.7%
Snoopy
95.4%
Road Runner
95.3%
Yogi
94.9%
% Correct
Fred
94.5%
Taz
94.1%
Felix
93.7%
Stewie
92.6%
Bullwinkle
92.3%
Mighty Mouse
89.8%
Arnold
88.8%
Dexter
86.8%
Pinky
80.6%
Brain
80.6%
Ren
76.6%
Stimpy
71.4%

You're not logged in!

Compare scores with friends on all Sporcle quizzes.
Join for Free
OR
Log In

You Might Also Like...

Show Comments

Extras

Top Quizzes Today


Score Distribution

Your Account Isn't Verified!

In order to create a playlist on Sporcle, you need to verify the email address you used during registration. Go to your Sporcle Settings to finish the process.

Report this User

Report this user for behavior that violates our Community Guidelines.

Details: